000 00874nam a22003017a 4500
003 CHAP
005 20220329135232.0
008 971013s1970 r 00010 d
010 _a33065
011 _a34037
035 _a38153
040 _cCHAP
090 _aFolleto 6365
100 0 0 _aLoyo, Gilberto.
_968703
245 _a3 breves estudios
260 _aMéxico :
_b(s.e.),
_c1970
300 _a68 p.
590 _aBATCH-UPD
_b10
_c20130110
_lUCH01
_h1117
590 _aBATCH-UPD
_b10
_c20130410
_lUCH01
_h0708
590 _aBATCH-UPD
_b10
_c20130914
_lUCH01
_h1818
590 _aBATCH-UPD
_b10
_c20161124
_lUCH01
_h1709
590 _aCONVERSION
_b10
_c20130109
_lUCH01
_h1319
650 1 4 _aMigración interna.
_975603
651 4 _aMéxico
_xPolítica y gobierno.
_976783
901 _aBK
942 _cFOLL
949 _aFolleto 6365
_bBC
_cFOLL
_d-87247
_eTS1
_i38153
_mD
_si
999 _c33065
_d33065